[Event "Aurangabad MyBrain op 1st"]
[Site "Aurangabad"]
[Date "2018.04.28"]
[Round "4"]
[White "Patil, Mayur"]
[Black "Mithil, Ajgaonkar"]
[Result "0-1"]
[WhiteElo "1763"]
[BlackElo "2278"]
[PlyCount "72"]
[EventDate "2018.04.28"]
[EventType "swiss (rapid)"]
[EventRounds "9"]
[EventCountry "IND"]
[SourceTitle "CBM 184 Extra"]
[Source "ChessBase"]
[SourceDate "2018.06.28"]
[SourceVersion "1"]
[SourceVersionDate "2018.06.28"]
[SourceQuality "1"]

1. Nf3 Nf6 2. g3 g6 3. b3 Bg7 4. Bb2 0-0 5. Bg2 c5 6. d4 Ne4 7. 0-0 Nc6 8. c3 d5 9. Nbd2 Qa5 10. Nxe4 dxe4 11. Nd2 cxd4 12. cxd4 Nxd4 13. Nxe4 Rd8 14. Bc3 Nf3+ 15. Bxf3 Bxc3 16. Qc1 Bxa1 17. Qxa1 Bf5 18. a3 Bxe4 19. Bxe4 Qb6 20. Qb1 Rac8 21. Bd3 Qa5 22. Qa2 b5 23. h4 Qb6 24. h5 a6 25. Qd2 Rc5 26. hxg6 hxg6 27. Qe3 Qc6 28. Qxe7 Re8 29. Qa7 Rh5 30. f3 Qd6 31. Kg2 Qxa3 32. g4 Rhe5 33. Be4 Qxb3 34. Rh1 Rxe4 35. fxe4 Qe6 36. Kg3 Qe5+ 0-1